Top Butter Consuming Countries Per-Capita - Statistics

General Stats
  • This quiz has been taken 485 times
  • The average score is 14 of 20
Answer Stats
# kg. Answer % Correct
2 7.39 France
93%
5 5.47 Germany
90%
12 4.39 Canada
86%
3 6.95 Sweden
86%
11 4.72 Finland
81%
10 4.8 Switzerland
80%
17 3.82 Australia
79%
20 3.58 Ireland
79%
16 3.89 Netherlands
79%
6 5.42 Austria
78%
7 5.21 Poland
78%
1 9.13 New Zealand
73%
15 4.07 Czechia
67%
13 4.27 Estonia
67%
14 4.15 Lithuania
65%
4 6.25 Iceland
63%
9 4.92 Slovakia
61%
8 4.99 Belarus
58%
19 3.6 Fiji
16%
18 3.82 Azerbaijan
10%
No matching quizzes found
Score Distribution
Percent of People with Each Score
Percentile by Number Answered
Your Score History
You have not taken this quiz